| 000 | 01195nam0a22003131 4500 | ||
|---|---|---|---|
| 001 | RU\NLR\INFOCOMM_253\5000054873 | ||
| 005 | 20250613101534.0 | ||
| 035 | _a(NLR Aleph) 009382485 | ||
| 090 |
_a7991418 _c7991418 |
||
| 100 | _a20101228d1972 |||y0rusy50 ca | ||
| 101 | 1 |
_aspa _crus |
|
| 102 | _aRU | ||
| 105 | _ay ||||000|y | ||
| 200 | 1 |
_aFundamentos del derecho estatal soviético _e[Trad. del ruso ...] _fL. Grigorián, Y. Dolgopólov _gRed. resp. B. Schetinin, ... dr. en ciencias jur. |
|
| 210 |
_aM. _cProgreso _d[1972] |
||
| 215 |
_a358, [10] с. _d21 см |
||
| 300 | _aНа обороте тит. л.: Л. Григорян, Ю. Долгополов. Основы Советского государственного права | ||
| 300 | _aНа пер. авт. не указаны | ||
| 686 |
_aП5с1 _2rubbk |
||
| 686 |
_a[Х620, 0] _2rubbk |
||
| 700 | 1 |
_9z01790 _aGrigorjan _bL. A. _f1923- _gLevon Armenakovič _4070 |
|
| 701 | 1 |
_9z02790 _aDolgopolov _bJ. B. _gJurij B. _4070 |
|
| 790 | 1 |
_9z01700 _aGrigorián _bL. _4070 |
|
| 790 | 1 |
_9z02701 _aDolgopólov _bY. _4070 |
|
| 801 | 1 |
_aRU _bNLR _c20101228 |
|
| 801 | 0 |
_aRU _bNLR _gPSBO |
|
| 852 |
_aNLR _jП21 Д-3/52 |
||
| 942 | _cBOOK | ||
| 980 | _aNB | ||